Centuries of economic endeavor (Record no. 511820)

MARC details
000 -LEADER
fixed length control field 00813nam a2200253Ia 4500
003 - CONTROL NUMBER IDENTIFIER
control field OSt
005 - DATE AND TIME OF LATEST TRANSACTION
control field 20220925185703.0
008 - FIXED-LENGTH DATA ELEMENTS--GENERAL INFORMATION
fixed length control field 220923b |||||||| |||| 00| 0 eng d
020 ## - INTERNATIONAL STANDARD BOOK NUMBER
International Standard Book Number 0472105477
037 ## - SOURCE OF ACQUISITION
Terms of availability General Book
040 ## - CATALOGING SOURCE
Original cataloging agency RTL
Transcribing agency RTL
Language of cataloging eng
041 ## - LANGUAGE CODE
Source of code eng
Language code of text/sound track or separate title eng
100 ## - MAIN ENTRY--PERSONAL NAME
Personal name Powelson John P
9 (RLIN) 235452
245 #0 - TITLE STATEMENT
Title Centuries of economic endeavor
Remainder of title Parrellel paths inJJapan and Europe and their contrast with the third world
260 ## - PUBLICATION, DISTRIBUTION, ETC.
Place of publication, distribution, etc. Ann Arbor
Name of publisher, distributor, etc. University of Michigan Press
Date of publication, distribution, etc. 1994
300 ## - PHYSICAL DESCRIPTION
Extent xii,483p. Bibliography: P 441-67
Dimensions cm.
650 ## - SUBJECT ADDED ENTRY--TOPICAL TERM
Topical term or geographic name entry element Japan
9 (RLIN) 235453
650 ## - SUBJECT ADDED ENTRY--TOPICAL TERM
Topical term or geographic name entry element Economic Conditions
9 (RLIN) 30695
942 ## - ADDED ENTRY ELEMENTS (KOHA)
Classification part X.42j5.N9, N4
Koha item type General Books
Source of classification or shelving scheme Colon Classification (CC)

No items available.

Copyright @ Delhi University Library System